000 00366pab a2200145 454500
008 180718b2015 xxu||||| |||| 00| 0 eng d
100 _aSugirtham, L. Caroline
245 _aA deep dive into an autonomous college
260 _c2015
300 _ap.130-134.
362 _a16 Feb
650 _aEducational autonomy
773 _aUniversity News
909 _a107072
999 _c107067
_d107067